Exercices et corrigés de comptabilité générale. 2, corrigés (Record no. 33869)

MARC details
000 -LEADER
fixed length control field 00650 a2200241 4500
037 ## - SOURCE OF ACQUISITION
Source of stock number/acquisition 1, Achat
037 ## - SOURCE OF ACQUISITION
Stock number DE 8538
020 ## - NUMERO INTERNATIONAL NORMALISE DES LIVRES
International Standard Book Number 2-90363-054-2
100 ## - VEDETTE PRINCIPALE - NOM DE PERSONNE
Personal name Abécassis, S.
100 ## - VEDETTE PRINCIPALE - NOM DE PERSONNE
Language of a work Fr
260 ## - PUBLICATION, DISTRIBUTION, ETC. (IMPRINT)
Place of publication, distribution, etc Paris
260 ## - PUBLICATION, DISTRIBUTION, ETC. (IMPRINT)
Name of publisher, distributor, etc AENGDE
245 ## - TITLE STATEMENT
Title Exercices et corrigés de comptabilité générale. 2, corrigés
260 ## - PUBLICATION, DISTRIBUTION, ETC. (IMPRINT)
Date of publication, distribution, etc 1988
250 ## - EDITION STATEMENT
Edition statement 3e éd.
300 ## - PHYSICAL DESCRIPTION
Extent 314 p.
300 ## - PHYSICAL DESCRIPTION
Other physical details 24 cm
630 ## - SUBJECT ADDED ENTRY--UNIFORM TITLE
Uniform title 65 - Gestion et organisation de lindustrie, du commerce, de la communication et des transports
650 ## - SUBJECT ADDED ENTRY--TOPICAL TERM
Topical term or geographic name as entry element 6 - SCIENCES APPLIQUEES
650 ## - SUBJECT ADDED ENTRY--TOPICAL TERM
Topical term or geographic name as entry element Comptabilité générale : exercices corrigés
Holdings
Withdrawn status Lost status Damaged status Not for loan Location (home branch) Sublocation or collection (holding branch) Date acquired Koha issues (times borrowed) Koha full call number Koha date last seen Price effective from Koha item type
        Bibliothèque Universitaire Centrale Bibliothèque Universitaire Centrale 28/02/2009   657 ABE 28/02/2009 28/02/2009 Livre


© 2008, Bibliothèques de l'Université d'Abomey-Calavi

04 BP 789 Cotonou, Tél. : +229 21 36 01 01, Fax : +229 21 35 06 32

Courriel : bu@bu.uac.bj